Statistics for Kde je hlavní město na mapě země?

Click here to take the quiz!

General Stats

  • This quiz has been taken 28 times
  • The average score is 9 of 15

Answer Stats

QuestionAnswer% Correct
Kde je hlavní město Německa?
88%
Kde je hlavní město Spojeného království?
80%
Kde je hlavní město Austrálie?
72%
Kde je hlavní město Španělska?
72%
Kde je hlavní město Francie?
68%
Kde je hlavní město Turecka?
64%
Kde je hlavní město Spojených států?
60%
Kde je hlavní město Indie?
56%
Kde je hlavní město Švédska?
56%
Kde je hlavní město Brazílie?
52%
Kde je hlavní město Kanady?
48%
Kde je hlavní město Japonska?
48%
Kde je hlavní město Egypta?
44%
Kde je hlavní město Číny?
40%
Kde je hlavní město Maroka?
40%

Score Distribution

Percentile by Number Answered

Percent of People with Each Score

Your Score History

You have not taken this quiz